General Ball Knowledge Quiz #3 - Statistics

General Stats
  • This quiz has been taken 30 times
  • The average score is 6 of 15
Answer Stats
Hint Answer % Correct
Who famously says "I'll be back"? Arnold Schwarzenegger
82%
Who is always "Stone Cold"? Steve Austin
79%
Who plays John Rambo? Sylvester Stallone
79%
What actually is a shooting star? Meteor
71%
What is the derivative of 56x? 56
46%
What candy bar would be life changing if it was money? 100 Grand
43%
What is the nickname given to the Pittsburgh Steelers defense? Steel Curtain
43%
At what temperature do Celsius and Fahrenheit meet? -40
32%
What show has an iconic line "Secret Tunnel!"? Avatar: The Last Airbender
32%
What brands logo has a blue diamond with a red outline and white letters and is also known for their cleaning products? Clorox
29%
What type of black holes are thought to be at the center of every Galaxy? Supermassive
29%
What artist sings "One Last Problem"? Ariana Grande
21%
In what game can you have a "zugzwang" Chess
21%
What artist is featured on the song above? Iggy Azalea
18%
What are the purple flavor of Doritos called? Spicy Sweet Chili
18%
No matching quizzes found
Score Distribution
Percent of People with Each Score
Percentile by Number Answered
Your Score History
You have not taken this quiz